| 000 | 00593nam a2200193 a 4500 | ||
|---|---|---|---|
| 001 | 1774864617461 | ||
| 003 | YourLibrary | ||
| 005 | 20260330153038.0 | ||
| 008 | 260330s2003##################000#0#eng## | ||
| 020 | _a9780072821529 | ||
| 082 | 0 | 4 |
_a361.1 _bKON |
| 100 | 1 |
_aKonradi, Amanda, _eauthor. |
|
| 245 | 1 | 0 | _aReading Between The Lines: Toward an Understanding of Current Social Problems : |
| 260 |
_bMcGraw-Hill Humanities/Social Sciences/Languages, _c2003. |
||
| 300 | _a724 pages | ||
| 650 | 0 | _aForeign Language Study. | |
| 942 | _cENGLISH | ||
| 040 |
_aYourLibrary _beng _cYourLibrary |
||
| 999 |
_c618347 _d618347 |
||